| 000 | 02190nam a2200457Ia 4500 | ||
|---|---|---|---|
| 001 | ebr10515918 | ||
| 003 | CaPaEBR | ||
| 006 | m u | ||
| 007 | cr cn||||||||| | ||
| 008 | 110930s2011 mau sb 001 0 eng d | ||
| 010 | _z 2011040983 | ||
| 020 | _z9789004212367 | ||
| 020 | _z9789004214583 | ||
| 040 |
_aCaPaEBR _cCaPaEBR |
||
| 035 | _a(OCoLC)769190414 | ||
| 050 | 1 | 4 |
_aBT70 _b.K6413 2011eb |
| 082 | 0 | 4 |
_a230 _223 |
| 100 | 1 |
_aKoerbagh, Adriaan, _dca. 1632-1669. |
|
| 240 | 1 | 0 |
_aLigt schijnende in duystere plaatsen. _lEnglish |
| 245 | 1 | 0 |
_aAdriaan Koerbagh _h[electronic resource] : _ba light shining in dark places, to illuminate the main questions of theology and religion / _cedited and translated by Michiel Wielema ; with an introduction by Wiep van Bunge. |
| 246 | 3 | 0 | _aLight shining in dark places |
| 260 |
_aBoston ; _aLeiden : _bBrill, _c2011. |
||
| 300 | _ax, 508 p. | ||
| 490 | 1 |
_aBrill's studies in intellectual history, _x0920-8607 ; _vv. 207 |
|
| 490 | 1 |
_aBrill's texts and sources in intellectual history ; _vv. 12 |
|
| 500 | _aOriginally published in Amsterdam, 1668. | ||
| 504 | _aIncludes bibliographical references and index. | ||
| 533 |
_aElectronic reproduction. _bPalo Alto, Calif. : _cebrary, _d2013. _nAvailable via World Wide Web. _nAccess may be limited to ebrary affiliated libraries. |
||
| 546 | _aOriginal in Dutch with English translation and commentary. | ||
| 600 | 1 | 0 |
_aSpinoza, Benedictus de, _d1632-1677 _xInfluence. |
| 650 | 0 |
_aTheology, Doctrinal _zNetherlands _xHistory _y17th century. |
|
| 650 | 0 |
_aReligious thought _zNetherlands _xHistory _y17th century. |
|
| 650 | 0 |
_aPhilosophy _zNetherlands _xHistory _y17th century. |
|
| 650 | 0 |
_aSocinianism _zNetherlands _xHistory of doctrines _y17th century. |
|
| 655 | 7 |
_aElectronic books. _2local |
|
| 700 | 1 |
_aWielema, M. R., _d1959- |
|
| 710 | 2 | _aebrary, Inc. | |
| 830 | 0 |
_aBrill's studies in intellectual history ; _vv. 207. |
|
| 830 | 0 |
_aBrill's studies in intellectual history. _pBrill's texts and sources in intellectual history ; _vv. 12. |
|
| 856 | 4 | 0 |
_uhttp://site.ebrary.com/lib/rucke/Doc?id=10515918 _zAn electronic book accessible through the World Wide Web; click to view |
| 999 |
_c121736 _d121736 |
||